| 000 | 01341nam a2200301 a 4500 | ||
|---|---|---|---|
| 001 | sixteenshortnove00shee | ||
| 003 | CaSfIA | ||
| 005 | 20240827141049.0 | ||
| 007 | cr|||| | ||
| 008 | 850805s1985 nyu 00001 eng | ||
| 010 | _a 85072562 | ||
| 020 |
_a0525243704 : _c$29.95 |
||
| 040 |
_dCaSfIA0 _cCaSfIA0 |
||
| 050 |
_aPN6120.2 _b.S59 19850 |
||
| 082 |
_a808.83 _21900 |
||
| 245 |
_aSixteen short novels : _h[electronic resource] _ban anthology / _cselected and with an introduction by Wilfrid Sheed. |
||
| 250 | _a1st ed.0 | ||
| 260 |
_aNew York : _bE.P. Dutton, _cc1985. |
||
| 300 |
_axx, 1067 p. ; _c25 cm. 0 |
||
| 506 | _fНеобхідна авторизація на https://archive.org/ (створення облікового запису безкоштовно) | ||
| 506 | _fНеобхідна авторизація на https://openlibrary.org/ (створення облікового запису безкоштовно) | ||
| 650 |
_aFiction _y19th century. 0 _912668 |
||
| 650 |
_aFiction _y20th century.10 _912669 |
||
| 700 |
_aSheed, Wilfrid.41 _912670 |
||
| 856 |
_uhttp://www.archive.org/details/sixteenshortnove00shee _zFree eBook from the Internet Archive |
||
| 942 |
_cEB _2udc |
||
| 999 |
_c549420 _d549420 |
||